书目信息 |
| 题名: |
煤化工工艺学
|
|
| 作者: | 郭树才 主编 | |
| 分册: | ||
| 出版信息: | 北京 化学工业出版社 2006 |
|
| 页数: | 343页 | |
| 开本: | 26cm | |
| 丛书名: | ||
| 单 册: | ||
| 中图分类: | TQ53 | |
| 科图分类: | ||
| 主题词: | 煤化工--工艺学--高等学校--教材 , 煤化工 | |
| 电子资源: | ||
| ISBN: | 7-5025-8501-X | |
| 000 | 00818nam0 2200265 450 | |
| 001 | 012007429893 | |
| 005 | 20070619101227.59 | |
| 010 | @a7-5025-8501-X@dCNY35.00 | |
| 100 | @a20061015d2006 km y0chiy0120 ea | |
| 101 | 0 | @achi |
| 102 | @aCN@b110000 | |
| 105 | @ay z 000yy | |
| 106 | @ar | |
| 200 | 1 | @a煤化工工艺学@Amei hua gong gong yi xue@f郭树才主编@Fguo shu cai zhu bian |
| 205 | @a2版 | |
| 210 | @a北京@c化学工业出版社@d2006 | |
| 215 | @a343页@d26cm | |
| 300 | @a高等学校教材 | |
| 330 | @a本书共分9章, 介绍了煤低温干馏、炼焦、炼焦化学产品回收和精制、煤的气化、煤的间接税液化、煤的直接液化、煤的碳素制品等内容。 | |
| 606 | 0 | @a煤化工@x工艺学@x高等学校@j教材 |
| 606 | 0 | @a煤化工 |
| 690 | @aTQ53@v4 | |
| 701 | 0 | @a郭树才@Aguo shu cai@4主编 |
| 801 | 0 | @aCN@bRULIN@c20070619 |
| 905 | @dTQ53@e15=2@s8 | |
| 煤化工工艺学/郭树才主编.-2版.-北京:化学工业出版社,2006 |
| 343页;26cm |
| 高等学校教材 |
| ISBN 7-5025-8501-X:CNY35.00 |
| 本书共分9章, 介绍了煤低温干馏、炼焦、炼焦化学产品回收和精制、煤的气化、煤的间接税液化、煤的直接液化、煤的碳素制品等内容。 |
| ● |
| 相关链接 |
|
|
|
|
正题名:煤化工工艺学
索取号:TQ53/15=2
 
预约/预借
| 序号 | 登录号 | 条形码 | 馆藏地/架位号 | 状态 | 备注 |
| 1 | 0573995 | 205739959 | 第二样本阅览室/ [索取号:TQ53/15=2] | 在馆 | |
| 2 | 0573996 | 205739968 | 第三借阅区/ [索取号:TQ53/15=2] | 在馆 | |
| 3 | 0573997 | 205739977 | 第三借阅区/ [索取号:TQ53/15=2] | 在馆 | |
| 4 | 0573998 | 205739986 | 第三借阅区/ [索取号:TQ53/15=2] | 在馆 | |
| 5 | 0573999 | 205739995 | 第三借阅区/ [索取号:TQ53/15=2] | 在馆 | |
| 6 | 0574000 | 205740000 | 第三借阅区/ [索取号:TQ53/15=2] | 在馆 | |
| 7 | 0574001 | 205740019 | 第三借阅区/ [索取号:TQ53/15=2] | 在馆 | |
| 8 | 0574002 | 205740028 | 第三借阅区/ [索取号:TQ53/15=2] | 在馆 |